<?xml version="1.0" encoding="UTF-8"?>
<record
    xmlns:xsi="http://www.w3.org/2001/XMLSchema-instance"
    xsi:schemaLocation="http://www.loc.gov/MARC21/slim http://www.loc.gov/standards/marcxml/schema/MARC21slim.xsd"
    xmlns="http://www.loc.gov/MARC21/slim">

  <leader>00598nam a2200205 a 4500</leader>
  <controlfield tag="003">OSt</controlfield>
  <controlfield tag="005">20140520170448.0</controlfield>
  <controlfield tag="008">110627s2011    spca          000 0 spa c</controlfield>
  <datafield tag="020" ind1=" " ind2=" ">
    <subfield code="a">9788473567664</subfield>
  </datafield>
  <datafield tag="040" ind1=" " ind2=" ">
    <subfield code="b">cat</subfield>
    <subfield code="c">CDMR</subfield>
  </datafield>
  <datafield tag="100" ind1="1" ind2=" ">
    <subfield code="a">Arroyo, Luis</subfield>
    <subfield code="d">1969-</subfield>
  </datafield>
  <datafield tag="245" ind1="1" ind2="4">
    <subfield code="a">Los cien errores en la comunicaci&#xF3;n de las organizaciones</subfield>
    <subfield code="c">/ Luis Arroyo, Magali Yus</subfield>
  </datafield>
  <datafield tag="250" ind1=" " ind2=" ">
    <subfield code="a">4a ed.</subfield>
  </datafield>
  <datafield tag="260" ind1=" " ind2=" ">
    <subfield code="a">Madrid:</subfield>
    <subfield code="b">ESIC,</subfield>
    <subfield code="c">cop. 2011</subfield>
  </datafield>
  <datafield tag="300" ind1=" " ind2=" ">
    <subfield code="a">345 p. </subfield>
    <subfield code="b">il. </subfield>
    <subfield code="c">24 cm</subfield>
  </datafield>
  <datafield tag="504" ind1=" " ind2=" ">
    <subfield code="a">&#xCD;ndex</subfield>
  </datafield>
  <datafield tag="650" ind1=" " ind2="4">
    <subfield code="a">Mitjans de comunicaci&#xF3; de massa i empreses</subfield>
    <subfield code="x">Comunicaci&#xF3;</subfield>
    <subfield code="9">4330</subfield>
  </datafield>
  <datafield tag="700" ind1="1" ind2=" ">
    <subfield code="a">Yus, Magali</subfield>
  </datafield>
  <datafield tag="942" ind1=" " ind2=" ">
    <subfield code="c">MON</subfield>
  </datafield>
  <datafield tag="999" ind1=" " ind2=" ">
    <subfield code="c">6686</subfield>
    <subfield code="d">6686</subfield>
  </datafield>
  <datafield tag="952" ind1=" " ind2=" ">
    <subfield code="0">0</subfield>
    <subfield code="1">0</subfield>
    <subfield code="4">0</subfield>
    <subfield code="7">0</subfield>
    <subfield code="a">CDMR</subfield>
    <subfield code="b">CDMR</subfield>
    <subfield code="d">2014-02-10</subfield>
    <subfield code="e">Intercanvi</subfield>
    <subfield code="g">17.00</subfield>
    <subfield code="l">22</subfield>
    <subfield code="m">15</subfield>
    <subfield code="o">Cm 3/32</subfield>
    <subfield code="p">CDMR1402301170</subfield>
    <subfield code="r">2024-01-23</subfield>
    <subfield code="s">2024-01-22</subfield>
    <subfield code="v">17.00</subfield>
    <subfield code="w">2013-12-27</subfield>
    <subfield code="y">MON</subfield>
  </datafield>
</record>
